[Event "Olimpiade 2008 - Open"]
[Site "Dresda"]
[Date "16.11.2008"]
[Round "4"]
[White "Sujendra,P"]
[Black "Nezad,H"]
[Result "0-1"]
[WhiteElo "2068"]
[BlackElo "2401"]
[EventDate "2008.11.13"]

1. e4 c6 2. d4 d5 3. e5 Bf5 4. Bd3 Bxd3 5. Qxd3 e6 6. Ne2 c5 7. c3 Nc6 8.
O-O Nge7 9. f4 Qb6 10. dxc5 Qxc5+ 11. Be3 Qa5 12. b4 Qa4 13. Bc5 h5 14. Nd2
b6 15. Bd6 Nf5 16. Bxf8 Kxf8 17. Nb3 g6 18. Nbd4 Ncxd4 19. Nxd4 Nxd4 20.
cxd4 Qxb4 21. Rac1 Kg7 22. a3 Qe7 23. Rc6 Rhc8 24. Rfc1 Qd7 25. Qc3 Rxc6
26. Qxc6 Qxc6 27. Rxc6 Rb8 28. Kf2 a5 29. Ke2 b5 30. Kd3 b4 31. a4 b3 32.
Rc1 Rb4 33. Rb1 Rxa4 34. Rxb3 Ra2 35. g3 Rxh2 36. Ke3 Ra2 37. Kf3 a4 38.
Rb4 a3 39. Ra4 Ra1 40. Kg2 g5 41. Ra8 gxf4 42. gxf4 a2 43. Ra7 Kg6 44. Kh2
h4 45. Kg2 h3+ 46. Kh2 Kh5 47. Ra3 Kg4 48. Ra7 Kf3 49. f5 exf5 50. Ra6 f4
51. e6 fxe6 52. Ra8 Re1 53. Ra3+ Re3 54. Ra7 Re2+ 55. Kxh3 Ke4 56. Kg4 f3
57. Kg3 Rg2+ 58. Kh3 Kxd4 59. Ra4+ Ke5 60. Ra6 d4 61. Ra3 Kf4 62. Ra8 Rg1
63. Rxa2 Rh1+ 64. Rh2 Rxh2+ 65. Kxh2 0-1